Southville International School and Colleges
Your cart is empty.
  • Cart
  • Lists
    Public lists Eva Luna New books Lux_list list_1
    Your lists Log in to create your own lists
  • Log in to your account
  • Your cookies
  • Search history
Southville International School and Colleges
  • Advanced search
  • Recent comments
  • Most popular
  • Libraries

Log in to your account

Log in with GOOGLE


If you do not have an external account, but do have a local account, you can still log in:

  1. Home
  2. MARC view: Theorizing the relationship between HIV/AIDS, biomedicine, and culture using an urban Indian setting as a case study /
Normal view MARC view ISBD view

Theorizing the relationship between HIV/AIDS, biomedicine, and culture using an urban Indian setting as a case study / (Record no. 121254)

[ view plain ]
MARC details
000 -LEADER
fixed length control field 00741nam a2200265Ia 4500
008 - FIXED-LENGTH DATA ELEMENTS--GENERAL INFORMATION
fixed length control field 140626s9999 xx 000 0 und d
100 ## - MAIN ENTRY--PERSONAL NAME
Personal name De Souza, Rebecca.
245 ## - TITLE STATEMENT
Title Theorizing the relationship between HIV/AIDS, biomedicine, and culture using an urban Indian setting as a case study /
Statement of responsibility, etc Rebecca.De Souza
260 ## - PUBLICATION, DISTRIBUTION, ETC. (IMPRINT)
Date of publication, distribution, etc c2012.
300 ## - PHYSICAL DESCRIPTION
Extent 22 : 2, page 163
440 ## - SERIES STATEMENT/ADDED ENTRY--TITLE
Title Communication Theory
521 ## - TARGET AUDIENCE NOTE
Target audience note
650 ## - SUBJECT ADDED ENTRY--TOPICAL TERM
Topical term or geographic name as entry element Biomedicine.
650 ## - SUBJECT ADDED ENTRY--TOPICAL TERM
Topical term or geographic name as entry element Communication.
650 ## - SUBJECT ADDED ENTRY--TOPICAL TERM
Topical term or geographic name as entry element Culture.
650 ## - SUBJECT ADDED ENTRY--TOPICAL TERM
Topical term or geographic name as entry element Discipline.
650 ## - SUBJECT ADDED ENTRY--TOPICAL TERM
Topical term or geographic name as entry element Health care.
650 ## - SUBJECT ADDED ENTRY--TOPICAL TERM
Topical term or geographic name as entry element Health.
650 ## - SUBJECT ADDED ENTRY--TOPICAL TERM
Topical term or geographic name as entry element HIV/AIDS.
650 ## - SUBJECT ADDED ENTRY--TOPICAL TERM
Topical term or geographic name as entry element India.
650 ## - SUBJECT ADDED ENTRY--TOPICAL TERM
Topical term or geographic name as entry element Medical information.
650 ## - SUBJECT ADDED ENTRY--TOPICAL TERM
Topical term or geographic name as entry element Self-monitoring.
650 ## - SUBJECT ADDED ENTRY--TOPICAL TERM
Topical term or geographic name as entry element Urbanity.
942 ## - ADDED ENTRY ELEMENTS (KOHA)
Koha item type Periodicals
Holdings
Withdrawn status Lost status Damaged status Home library Current library Shelving location Date acquired Total Checkouts Barcode Date last seen Price effective from Koha item type
      College Library College Library Periodical Section 06/26/2014   S0362 06/26/2014 06/26/2014 Periodicals

Theorizing the relationship between HIV/AIDS, biomedicine, and culture using an urban Indian setting as a case study /

APA

De Souza R., . (2012). Theorizing the relationship between HIV/AIDS, biomedicine, and culture using an urban Indian setting as a case study. : .

Chicago

De Souza Rebecca, . 2012. Theorizing the relationship between HIV/AIDS, biomedicine, and culture using an urban Indian setting as a case study. : .

Harvard

De Souza R., . (2012). Theorizing the relationship between HIV/AIDS, biomedicine, and culture using an urban Indian setting as a case study. : .

MLA

De Souza Rebecca, . Theorizing the relationship between HIV/AIDS, biomedicine, and culture using an urban Indian setting as a case study. : . 2012.

  • Place hold
  • Print
  • Cite
  • Add to your cart (remove)
  • Save record
    BIBTEX Dublin Core MARCXML MARC (non-Unicode/MARC-8) MARC (Unicode/UTF-8) MARC (Unicode/UTF-8, Standard) MODS (XML) RIS
  • More searches
    Search for this title in:
    Other Libraries (WorldCat) Other Databases (Google Scholar) Online Stores (Bookfinder.com) Open Library (openlibrary.org)

Exporting to Dublin Core...

SOUTHVILLE LIBRARY

Southville International School and Colleges Library

1281 Tropical Ave. Cor. Luxembourg St., BF Homes International, Las Pinas City

Tel. No. 8256374 / 252358 Loc. 117/146

Powered by Koha